Normal view
MARC view
Entry Personal Name
001 - CONTROL NUMBER
- control field: 28221
003 - CONTROL NUMBER IDENTIFIER
- control field: ARRUPE
005 - DATE AND TIME OF LATEST TRANSACTION
- control field: 20170111142152.0
008 - FIXED-LENGTH DATA ELEMENTS
- fixed length control field: 170111|| aca||aabn | a|a d
040 ## - CATALOGING SOURCE
- Original cataloging agency: ARRUPE
- Transcribing agency: ARRUPE
100 ## - HEADING--PERSONAL NAME
- Personal name: Kleist, Heinrich von,
- Dates associated with a name: 1777-1811.
670 ## - SOURCE DATA FOUND
- Source citation: Work cat.: (ARRUPE)0: Kleist, Heinrich von, 1777-1811., Der zerbrochene Krug., 1961